header

Bruce Springsteen, cultural studies and the runaway American dream (Record no. 233710)

MARC details
000 -LEADER
fixed length control field 01907nam a2200397 a 4500
082 04 - DEWEY DECIMAL CLASSIFICATION NUMBER
Classification number 782.42166092
245 00 - TITLE STATEMENT
Title Bruce Springsteen, cultural studies and the runaway American dream
260 ## - PUBLICATION, DISTRIBUTION, ETC. (IMPRINT)
Place of publication Farnham, Surrey, England :
Name of publisher Ashgate,
Year of publication c2012.
300 ## - PHYSICAL DESCRIPTION
Number of Pages xx, 275 p.
490 1# - SERIES STATEMENT
Series statement Ashgate popular and folk music series
505 0# - FORMATTED CONTENTS NOTE
Formatted contents note pt. 1. "Land of hope and dreams" : Springsten's American serenade -- pt. 2. "There's a sadness hidden in that pretty face" : Springsteen and gender identity -- pt. 3. "Lost in the flood" : Springsteen and religion -- pt. 4. "It's hard to be a saint in the city" : Springsteen, ethics, and social justice.
650 #0 - SUBJECT ADDED ENTRY--TOPICAL TERM
Topical Term Rock music
Topical Term Rock music
700 1# - ADDED ENTRY--PERSONAL NAME
Personal name Womack, Kenneth.
Personal name Zolten, J. Jerome.
Personal name Bernhard, Mark.
856 40 - ELECTRONIC LOCATION AND ACCESS
Uniform Resource Identifier http://site.ebrary.com/lib/rucke/Doc?id=10529444

No items available.

© 2026 Rongo University
Contact us: librarian | system librarian | Rongo university